000 00513nam a2200169 i 4500
001 89697
003 ES-MaACL
005 20230906180241.0
007 t|
008 050112s1973 sp ||||1| spa d
100 1 _aLawin, Peter.
_970739
245 1 0 _aCuidados intensivos /
_cPeter Lawin ; con la colaboración de Hans-Nikolaus Herden.
260 _aBarcelona :
_bSalvat,
_c[1973]
300 _aXXIV, 640 p. :
_bil. ;
_c26 cm.
700 1 _aHerden, Hans-Nikolaus.
_962679
852 _aES-MaACL
_jC-55166
_bR.87943
999 _c89697
_d89697